NBA 1999 Playoffs Starters - Statistics

General Stats
  • This quiz has been taken 494 times
    474 since last reset
  • The average score is 48 of 80
Answer Stats
Team Player % Correct
Lakers Shaquille O'Neal
98%
Suns Clifford Robinson
96%
Spurs David Robinson
96%
Bucks Glenn Robinson
96%
Jazz John Stockton
96%
Jazz Karl Malone
96%
Lakers Kobe Bryant
96%
Heat Alonzo Mourning
95%
Pacers Reggie Miller
95%
Spurs Tim Duncan
95%
Timberwolves Kevin Garnett
93%
Magic Penny Hardaway
93%
Heat Tim Hardaway
93%
76ers Allen Iverson
92%
Rockets Hakeem Olajuwon
92%
Spurs Avery Johnson
89%
Bucks Ervin Johnson
89%
Knicks Larry Johnson
89%
Knicks Patrick Ewing
89%
Kings Chris Webber
85%
Hawks Dikembe Mutombo
84%
Timberwolves Joe Smith
84%
Hawks Steve Smith
84%
Rockets Charles Barkley
83%
Trail Blazers Rasheed Wallace
82%
Rockets Scottie Pippen
81%
Lakers Derek Fisher
79%
Pistons Grant Hill
79%
Kings Jason Williams
79%
Pistons Jerome Williams
79%
Bucks Ray Allen
79%
Kings Vlade Divac
79%
Pacers Mark Jackson
77%
Suns Jason Kidd
75%
Pacers Rik Smits
74%
Bucks Sam Cassell
74%
Trail Blazers Brian Grant
72%
Trail Blazers Damon Stoudamire
72%
Magic Horace Grant
72%
Jazz Jeff Hornacek
71%
Knicks Allan Houston
68%
Lakers Glen Rice
67%
Trail Blazers Arvydas Sabonis
66%
Magic Nick Anderson
61%
Pacers Dale Davis
60%
Spurs Sean Elliott
59%
Jazz Bryon Russell
56%
76ers Eric Snow
54%
Jazz Greg Ostertag
54%
Pistons Joe Dumars
53%
Heat P.J. Brown
53%
Knicks Kurt Thomas
48%
Bucks Tim Thomas
48%
Spurs Mario Elie
44%
Pacers Chris Mullin
42%
Hawks Mookie Blaylock
42%
Heat Jamal Mashburn
41%
Heat Dan Majerle
40%
Knicks Charlie Ward
36%
76ers Theo Ratliff
33%
Magic Darrell Armstrong
28%
Pistons Lindsey Hunter
28%
Kings Corliss Williamson
26%
Hawks Grant Long
26%
Timberwolves Terrell Brandon
26%
Suns Tom Gugliotta
26%
Trail Blazers Isaiah Rider
25%
Rockets Cuttino Mobley
20%
76ers George Lynch
20%
Suns Rex Chapman
19%
Suns Luc Longley
16%
76ers Matt Geiger
16%
Timberwolves Anthony Peeler
14%
Timberwolves Dean Garrett
14%
Pistons Bison Dele
11%
Rockets Michael Dickerson
9%
Kings Tariq Abdul-Wahad
9%
Magic Isaac Austin
8%
Lakers J.R. Reid
8%
Hawks Chris Crawford
7%
No matching quizzes found
Score Distribution
Percent of People with Each Score
Percentile by Number Answered
Your Score History
You have not taken this quiz since the last reset